00481nam a2200193 a 4500001001300000003000900013005001700022008004100039020001000080082001600090100002400106245001900130260004700149300000800196500003500204505001300239650001100252700002400263nice12345678IN_TiNIC20260116011307.0050524s0000 thaa grp 000 0 urd  ac10000a297.4bCHI2 aChishti, Ashraf Ali aQasadus Sabeel aThana BhavanbAshraful Matabey Pressc0000 a32p aincludes index and biblioraphy2 aAppendix aSufism1 aChishti, Ashraf Ali